| 000 | 01046nmm a2200373 a 4500 | ||
|---|---|---|---|
| 003 | AR-BaBNM | ||
| 005 | 20251128203015.0 | ||
| 008 | 011101s1943 ||||||||||||||000 | spa|| | ||
| 040 | _cAR-BaBNM | ||
| 100 | 1 | _aGubernatis, Angel de | |
| 245 | 1 | 0 | _aHistoria de la historiografía universal |
| 260 |
_aBuenos Aires _bC.E.P.A. _c1943 |
||
| 300 | 0 | _a322 p. | |
| 500 | 0 | _aContiene notas a pie de página | |
| 600 | 1 | 4 | _aMitre, Bartolomé |
| 600 | 0 | 4 | _aAlfonso |
| 600 | 1 | 4 | _aHume, David |
| 600 | 0 | 4 | _aGibbon |
| 600 | 1 | 4 |
_aPetrarca, Francesco _d1304-1374 |
| 600 | 0 | 4 | _aPlutarco |
| 600 | 1 | 4 | _aSalustio Cripo, Cayo |
| 600 | 1 | 4 | _aTertuliano, Quinto Septimio Florente |
| 650 | 4 | _aHISTORIOGRAFIA | |
| 650 | 4 | _aHISTORIOGRAFIA ARGENTINA | |
| 650 | 4 | _aHISTORIADORES | |
| 650 | 4 | _aANALISIS HISTORICO | |
| 650 | 4 | _aMETODO HISTORICO | |
| 650 | 4 | _aINVESTIGACION HISTORICA | |
| 650 | 4 | _aESCRITURA HISTORICA | |
| 700 | 1 |
_aCarbia, Rómulo D. _eprologuista |
|
| 700 | 1 |
_aTurrens, Juan F. _ecomentarista |
|
| 942 | _cBK | ||
| 998 | _cmariana | ||
| 999 |
_c1481 _d1481 |
||